[Event "C.to Regionale Umbria"]
[Site "Foligno ITA"]
[Date "2009.06.05"]
[Round "1"]
[White "Minelli, Francesco"]
[Black "Minni, Stefano"]
[Result "1/2-1/2"]
[WhiteElo "1857"]
[BlackElo "1452"]
[PlyCount "106"]
[EventDate "2009.06.05"]

1. e4 d6 2. d4 Nf6 3. Nc3 c6 4. f4 Qa5 5. Bd3 e5 6. Nf3 Bg4 7. dxe5 dxe5 8. h3
Bxf3 9. Qxf3 Bb4 10. Bd2 O-O 11. g4 exf4 12. Qxf4 Re8 13. O-O Qe5 14. Qf3 Bd6
15. Bf4 Qxf4 16. Qxf4 Bxf4 17. Rxf4 Re5 18. Rf5 Nbd7 19. Raf1 h6 20. Kg2 Rae8
21. b4 Rxf5 22. exf5 Kf8 23. Rf2 Ne5 24. Bf1 Ned7 25. Re2 Nb6 26. Rxe8+ Kxe8
27. Kf3 Nfd5 28. Nxd5 Nxd5 29. a3 f6 30. c4 Nc7 31. a4 Kd7 32. Ke4 b6 33. h4 c5
34. b5 Kd6 35. Kf4 Ne8 36. Bd3 Ke7 37. Ke3 Nd6 38. Kd2 Kf7 39. Kc3 Kg8 40. Kb3
Kh7 41. a5 Kg8 42. axb6 axb6 43. Kc3 Kf7 44. Kd2 Kf8 45. Ke3 Ke7 46. Kf4 Kf7
47. g5 Kf8 48. gxh6 gxh6 49. Kg4 Kg7 50. Kf4 Kf7 51. Be4 Kg7 52. Bd5 Kh7 53.
Bf3 Kg7 1/2-1/2

[Event "C.to Regionale Umbria"]
[Site "Foligno ITA"]
[Date "2009.06.05"]
[Round "1"]
[White "Trasciatti, Mirko"]
[Black "De Lucia, Alfredo"]
[Result "1-0"]
[WhiteElo "1943"]
[BlackElo "1555"]
[PlyCount "93"]
[EventDate "2009.06.05"]

1. f4 d5 2. e3 Nf6 3. Nf3 Bg4 4. Be2 Nc6 5. d4 Qd6 6. O-O h6 7. Ne5 Bxe2 8.
Qxe2 a6 9. Nd2 Nb4 10. c3 Nc6 11. c4 dxc4 12. Qxc4 Qd5 13. b3 Qxc4 14. bxc4 e6
15. Rb1 Na5 16. g4 Nd7 17. Nxd7 Kxd7 18. f5 f6 19. fxe6+ Kxe6 20. c5 Rb8 21.
Nf3 Be7 22. Bd2 Nc4 23. Rfc1 Nxd2 24. Nxd2 Rhd8 25. Nc4 Kd5 26. Na5 Ke4 27.
Nxb7 Rdc8 28. Na5 Bf8 29. Kf2 f5 30. gxf5 Be7 31. Nc6 Bh4+ 32. Ke2 Rxb1 33.
Rxb1 Bg5 34. Rb4 Re8 35. Rb3 Kxf5 36. Nb4 a5 37. Nc2 Ke6 38. Rb5 Ra8 39. Kd3
Kd7 40. Na3 Kc6 41. Rb2 Re8 42. Nc4 Kd5 43. Rf2 a4 44. Rf5+ Kc6 45. e4 Rd8 46.
Rf7 Rd7 47. Ne5+ 1-0

[Event "C.to Regionale Umbria"]
[Site "Foligno ITA"]
[Date "2009.06.05"]
[Round "1"]
[White "Yamauchi, Juan"]
[Black "Casale, Antonio"]
[Result "0-1"]
[WhiteElo "1475"]
[BlackElo "1859"]
[PlyCount "79"]
[EventDate "2009.06.05"]

1. d4 d5 2. c4 c6 3. e3 Nf6 4. Bd3 e6 5. Nf3 Bd6 6. O-O O-O 7. Nc3 h6 8. Ne2 a6
9. Bd2 Nbd7 10. c5 Bc7 11. Rc1 Re8 12. Bc3 e5 13. dxe5 Nxe5 14. Bxe5 Bxe5 15.
Nxe5 Rxe5 16. Nd4 Qc7 17. Qe2 Rh5 18. f4 Qe7 19. Rc2 Bd7 20. Nf3 Ne4 21. b4 Re8
22. Ne5 Rf5 23. Bxe4 dxe4 24. Rd2 Be6 25. g4 Rf6 26. Qg2 Bd5 27. g5 hxg5 28.
Qxg5 Rh6 29. Qg3 f6 30. Ng6 Qf7 31. Rg2 Bxa2 32. f5 Bc4 33. Re1 Rh7 34. Rd1 Bd3
35. Nf4 Qc4 36. Ne6 Rxe6 37. fxe6 Qxe6 38. Qb8+ Kf7 39. Qxb7+ Kf8 40. Rdd2 0-1

[Event "C.to Regionale Umbria"]
[Site "Foligno ITA"]
[Date "2009.06.05"]
[Round "2"]
[White "Casale, Antonio"]
[Black "Malfagia, Andrea"]
[Result "0-1"]
[WhiteElo "1859"]
[BlackElo "2282"]
[PlyCount "84"]
[EventDate "2009.06.05"]

1. d4 Nf6 2. c4 e6 3. Nf3 c5 4. d5 b5 5. dxe6 fxe6 6. cxb5 d5 7. g3 a6 8. bxa6
Bxa6 9. Bg2 Nbd7 10. O-O Be7 11. Ng5 Qb6 12. Re1 h6 13. Nh3 O-O 14. Qc2 e5 15.
Qg6 Rf7 16. Bxh6 Nf8 17. Qg5 Ne4 18. Qxe5 gxh6 19. Qxd5 Bb7 20. Qc4 Nd6 21. Qc2
Bxg2 22. Kxg2 Nf5 23. e3 Qc6+ 24. e4 Ng6 25. Qc4 Rd8 26. Nc3 Nd4 27. Rad1 Ne5
28. Qf1 Nef3 29. Re3 Bd6 30. a4 Rdf8 31. Qc4 Ne5 32. Qd5 Qxd5 33. Nxd5 Nc4 34.
Rc3 Nxb2 35. Ra1 Ra8 36. a5 Rfa7 37. Ra2 Rb8 38. f4 Rb5 39. a6 c4 40. e5 Rxd5
41. exd6 Nd1 42. Rxc4 Ne3+ 0-1

[Event "C.to Regionale Umbria"]
[Site "Foligno ITA"]
[Date "2009.06.05"]
[Round "2"]
[White "Ficco, Corrado"]
[Black "Ragnini, Damiano"]
[Result "1-0"]
[WhiteElo "2163"]
[BlackElo "1819"]
[PlyCount "85"]
[EventDate "2009.06.05"]

1. e4 c5 2. Nf3 Nc6 3. d4 cxd4 4. Nxd4 Nf6 5. Nc3 e5 6. Ndb5 d6 7. Bg5 a6 8.
Na3 b5 9. Nd5 Be7 10. Bxf6 Bxf6 11. c3 O-O 12. Nc2 Bg5 13. a4 Ne7 14. Nxe7+
Qxe7 15. axb5 f5 16. Bc4+ Be6 17. Bxe6+ Qxe6 18. exf5 Qc4 19. Qe2 Qxb5 20. Qxb5
axb5 21. Ke2 Kf7 22. Rhd1 Ke7 23. Rxa8 Rxa8 24. Rd5 g6 25. fxg6 hxg6 26. Rxb5
Ke6 27. Ne3 Ra1 28. c4 Rc1 29. b3 Kd7 30. g3 Bd8 31. h4 Kc6 32. Nd5 g5 33. h5
g4 34. Ne3 Rh1 35. Nxg4 Rxh5 36. Ne3 Bb6 37. Kf3 e4+ 38. Kxe4 Rxb5 39. cxb5+
Kxb5 40. g4 Kc6 41. f4 Kd7 42. g5 Bc5 43. Nd5 1-0

[Event "C.to Regionale Umbria"]
[Site "Foligno ITA"]
[Date "2009.06.05"]
[Round "2"]
[White "Marcugini, Stefano"]
[Black "De Leo, Sara"]
[Result "1-0"]
[WhiteElo "1925"]
[BlackElo "1401"]
[PlyCount "115"]
[EventDate "2009.06.05"]

1. e4 d5 2. exd5 Qxd5 3. Nc3 Qa5 4. d4 c6 5. Nf3 Nf6 6. Bd2 Qc7 7. Be2 Bf5 8.
O-O e6 9. Bg5 Nbd7 10. Nh4 Bg6 11. Bf3 Bd6 12. g3 O-O 13. Nxg6 fxg6 14. Qe2
Rae8 15. Ne4 Nxe4 16. Bxe4 Nf6 17. Bd3 e5 18. Bc4+ Kh8 19. Qd3 e4 20. Qe2 h6
21. Be3 b5 22. Bb3 a5 23. c3 a4 24. Bc2 Nd5 25. Bd2 e3 26. fxe3 Bxg3 27. hxg3
Qxg3+ 28. Qg2 Rxe3 29. Rxf8+ Kh7 30. Qxg3 Rxg3+ 31. Kh2 Rg4 32. Rg1 Rh4+ 33.
Kg3 Rh5 34. Kf2 Rh2+ 35. Rg2 Rxg2+ 36. Kxg2 h5 37. Be4 h4 38. Bxd5 cxd5 39. Kh3
b4 40. cxb4 a3 41. bxa3 g5 42. Bxg5 Kg6 43. Bxh4 Kh7 44. a4 Kg6 45. a5 Kh7 46.
a6 Kg6 47. a7 Kh6 48. a8=Q Kh7 49. Rh8+ Kg6 50. Qc6+ Kf5 51. Qxd5+ Kf4 52. Rf8+
Ke3 53. Re8+ Kd3 54. b5 g5 55. b6 g4+ 56. Kxg4 Kc2 57. Qb3+ Kd2 58. Bg5# 1-0

[Event "C.to Regionale Umbria"]
[Site "Foligno ITA"]
[Date "2009.06.05"]
[Round "2"]
[White "Minni, Stefano"]
[Black "Ferri, Fabio"]
[Result "1-0"]
[WhiteElo "1452"]
[BlackElo "1815"]
[PlyCount "60"]
[EventDate "2009.06.05"]

1. c4 e5 2. Nc3 Nc6 3. g3 Bc5 4. Bg2 Nge7 5. Nf3 O-O 6. O-O d6 7. a3 a5 8. d3
f5 9. e3 Ng6 10. d4 Bb6 11. Nd5 Nce7 12. Nxb6 cxb6 13. dxe5 dxe5 14. b3 e4 15.
Nd4 Ne5 16. Bb2 Nd3 17. Rb1 Ng6 18. f4 Qe7 19. Qc2 Bd7 20. Rfd1 Rac8 21. Bf1
Nxb2 22. Qxb2 Rc7 23. b4 Rfc8 24. Rdc1 Qf6 25. bxa5 bxa5 26. Nb5 Qxb2 27. Rxb2
Rc5 28. Nd6 R8c7 29. Nxb7 R5c6 30. Nxa5 Ra6 1-0

[Event "C.to Regionale Umbria"]
[Site "Foligno ITA"]
[Date "2009.06.05"]
[Round "2"]
[White "Napoli, Nicolo'"]
[Black "Marsili, Riccardo"]
[Result "1-0"]
[WhiteElo "2353"]
[BlackElo "1874"]
[PlyCount "126"]
[EventDate "2009.06.05"]

1. e4 c5 2. Nf3 Nc6 3. a3 g6 4. c3 d5 5. exd5 Qxd5 6. d4 Bg7 7. Be3 cxd4 8.
cxd4 Nf6 9. Nc3 Qa5 10. b4 Qd8 11. d5 Nb8 12. Bb5+ Bd7 13. O-O O-O 14. Be2 Bf5
15. Rc1 Be4 16. Bd4 Bf5 17. Re1 Nbd7 18. Nh4 e6 19. Nxf5 exf5 20. Bf3 Nb6 21.
Bc5 Re8 22. d6 Rxe1+ 23. Qxe1 Qd7 24. Qe7 Re8 25. Qxd7 Nfxd7 26. h3 Bxc3 27.
Rxc3 Na4 28. Re3 Rc8 29. Bxb7 Rb8 30. Bc6 Naxc5 31. bxc5 Nxc5 32. Re5 Ne6 33.
Bd5 Kf8 34. Bxe6 fxe6 35. Rxe6 Rb7 36. g4 fxg4 37. hxg4 Kf7 38. Re3 Rd7 39. Rb3
Ke6 40. Kg2 Kxd6 41. Kg3 Rf7 42. Rb5 Kc6 43. Ra5 Kb6 44. Ra4 Kb5 45. Re4 Rd7
46. Kh4 Rf7 47. f4 Kc5 48. Kg5 Kd5 49. Ra4 Ke6 50. Re4+ Kd5 51. Re5+ Kd6 52.
Re3 Kd5 53. Rb3 Ke6 54. Rb8 Kd5 55. a4 Ke4 56. a5 Rxf4 57. Rb4+ Ke5 58. Rxf4
h6+ 59. Kxh6 Kxf4 60. Kxg6 Ke5 61. Kf7 Kd5 62. g5 Kc5 63. g6 Kb5 1-0

[Event "C.to Regionale Umbria"]
[Site "Foligno ITA"]
[Date "2009.06.05"]
[Round "2"]
[White "Salerno, Francesco"]
[Black "Almadori, Giovanni"]
[Result "1-0"]
[WhiteElo "2000"]
[BlackElo "1401"]
[PlyCount "68"]
[EventDate "2009.06.05"]

1. d4 Nf6 2. c4 e6 3. Nc3 Bb4 4. Nf3 O-O 5. g3 d6 6. Bg2 Nbd7 7. O-O Bxc3 8.
bxc3 e5 9. Rb1 Rb8 10. Qc2 Re8 11. Rd1 Qe7 12. dxe5 Nxe5 13. Nxe5 Qxe5 14. Rb2
Bf5 15. Qb3 b6 16. Bf4 Qc5 17. Qa4 Ne4 18. Be3 Nxc3 19. Qxa7 Qxc4 20. Rdd2 Ne4
21. Rd4 Qc6 22. Qa3 Qc3 23. Qxc3 Nxc3 24. Rbd2 Ne4 25. Bxe4 Bxe4 26. Rc4 Rbc8
27. Bf4 Bb7 28. Rdc2 Rxe2 29. Rxe2 Ba6 30. Rxc7 Rf8 31. Rd2 d5 32. Rc6 Bb7 33.
Rxb6 Bc8 34. Rdb2 h6 1-0

[Event "C.to Regionale Umbria"]
[Site "Foligno ITA"]
[Date "2009.06.05"]
[Round "2"]
[White "Seravelli, Paolo"]
[Black "Yamauchi, Juan"]
[Result "1-0"]
[WhiteElo "1804"]
[BlackElo "1475"]
[PlyCount "77"]
[EventDate "2009.06.05"]

1. e4 c5 2. Nf3 a6 3. d4 cxd4 4. Nxd4 b5 5. a3 d6 6. Bd3 Bb7 7. O-O Nf6 8. Nc3
Nbd7 9. Bg5 Rc8 10. Qe2 h6 11. Bh4 g5 12. Bg3 e6 13. Kh1 Bg7 14. f4 Qb6 15. Bf2
Qc7 16. fxg5 hxg5 17. Bg3 Nh5 18. Qf2 Ne5 19. Be2 g4 20. Rad1 d5 21. exd5 exd5
22. Rfe1 Qd7 23. Ndxb5 Kf8 24. Nd4 Re8 25. Kg1 Nxg3 26. Qxg3 Bc8 27. Rf1 Qa7
28. Kh1 Nc4 29. Bxc4 dxc4 30. Nc6 Qc5 31. Qc7 Be6 32. Rd8 Rxh2+ 33. Kxh2 g3+
34. Qxg3 Rxd8 35. Nxd8 Qh5+ 36. Kg1 Qc5+ 37. Rf2 Bf6 38. Nxe6+ fxe6 39. Ne4 1-0

[Event "C.to Regionale Umbria"]
[Site "Foligno ITA"]
[Date "2009.06.05"]
[Round "2"]
[White "Tortolini, Francesco"]
[Black "Castrogiovanni, Carlo"]
[Result "1-0"]
[WhiteElo "1855"]
[BlackElo "2027"]
[PlyCount "98"]
[EventDate "2009.06.05"]

1. e4 c5 2. Nf3 a6 3. d4 cxd4 4. Nxd4 Nf6 5. Nc3 e5 6. Nf3 Bb4 7. Bd3 d5 8. Bg5
O-O 9. O-O Bxc3 10. bxc3 dxe4 11. Bxf6 Qxf6 12. Bxe4 Nc6 13. Rb1 Qe7 14. Qe2
Re8 15. Rfe1 f6 16. Qd3 g5 17. Bd5+ Kh8 18. Nd4 Qd7 19. Qf3 Nxd4 20. Qxf6+ Qg7
21. Qxg7+ Kxg7 22. cxd4 Rb8 23. Rb6 Bf5 24. Rxe5 Bxc2 25. Rxg5+ Kh8 26. Re5
Rxe5 27. dxe5 Rd8 28. Rd6 Re8 29. f4 Re7 30. g4 a5 31. e6 Kg7 32. Rd7 Kf8 33.
Rxe7 Kxe7 34. Bxb7 Kxe6 35. Kf2 a4 36. a3 Kd6 37. Ke3 Bd1 38. h3 h6 39. Kd4 Be2
40. Bc8 Bd1 41. h4 Bc2 42. g5 hxg5 43. hxg5 Bb1 44. Bg4 Bc2 45. f5 Bb3 46. Bf3
Bc2 47. Be4 Bb3 48. g6 Bd1 49. Bd5 Bb3 1-0

[Event "C.to Regionale Umbria"]
[Site "Foligno ITA"]
[Date "2009.06.05"]
[Round "2"]
[White "Vitali, Roberto"]
[Black "Andreozzi, Paolo"]
[Result "0-1"]
[WhiteElo "1493"]
[BlackElo "1770"]
[PlyCount "87"]
[EventDate "2009.06.05"]

1. b4 e6 2. Bb2 Nf6 3. b5 d5 4. e3 c5 5. c4 Bd6 6. Nf3 O-O 7. Be2 Nbd7 8. d4
cxd4 9. exd4 dxc4 10. O-O Nb6 11. Nbd2 Bd7 12. a4 c3 13. Bxc3 Nbd5 14. Bb2 Rc8
15. Ne5 Nc3 16. Bxc3 Rxc3 17. Nxd7 Qxd7 18. Nc4 Bb8 19. Ra3 Rxa3 20. Nxa3 Qd6
21. g3 Qxa3 22. Qc2 Nd5 23. Bd3 h6 24. Be4 Qc3 25. Qe2 Qxd4 26. Qg4 Kh8 27. Qf3
f5 28. Rc1 Kg8 29. Bc2 Qf6 30. Bb3 Rd8 31. Rd1 Qe5 32. Kf1 g6 33. Ra1 Qd6 34.
Rd1 Kg7 35. Qg2 Bc7 36. Qf3 Qc5 37. Re1 Kf6 38. Qe2 e5 39. g4 Qc3 40. Ba2 Qh3+
41. Kg1 Nf4 42. Qf1 Qxg4+ 43. Kh1 Qf3+ 44. Kg1 0-1

[Event "C.to Regionale Umbria"]
[Site "Foligno ITA"]
[Date "2009.06.05"]
[Round "3"]
[White "Andreozzi, Paolo"]
[Black "Almadori, Giovanni"]
[Result "1/2-1/2"]
[WhiteElo "1770"]
[BlackElo "1401"]
[PlyCount "82"]
[EventDate "2009.06.05"]

1. d4 Nf6 2. Nf3 e6 3. Bf4 d6 4. e3 Nbd7 5. Be2 c5 6. c3 Qc7 7. h3 b6 8. Nbd2
Bb7 9. O-O Rc8 10. Rc1 Be7 11. Ne1 O-O 12. Qc2 Qb8 13. b3 cxd4 14. exd4 Nd5 15.
Be3 Nxc3 16. Nc4 Nxe2+ 17. Qxe2 d5 18. Nb2 Rxc1 19. Bxc1 Qc8 20. Ned3 Ba6 21.
Qe3 Ba3 22. Na4 Bd6 23. Rd1 Bxd3 24. Qxd3 Qb8 25. Be3 Nf6 26. f3 Rc8 27. Rc1
Rxc1+ 28. Bxc1 Nh5 29. Qc2 Bh2+ 30. Kf1 Ng3+ 31. Ke1 Nf5 32. Qd2 Bf4 33. Qxf4
Qxf4 34. Bxf4 Nxd4 35. Kd2 Nc6 36. Bd6 e5 37. a3 f6 38. f4 Kf7 39. fxe5 fxe5
40. Nc3 Ke6 41. Bf8 Kf7 1/2-1/2

[Event "C.to Regionale Umbria"]
[Site "Foligno ITA"]
[Date "2009.06.05"]
[Round "3"]
[White "Balducci, Alessandro"]
[Black "Minelli, Francesco"]
[Result "1/2-1/2"]
[WhiteElo "1816"]
[BlackElo "1857"]
[PlyCount "125"]
[EventDate "2009.06.05"]

1. f4 c5 2. Nf3 Nf6 3. e3 Nc6 4. b3 g6 5. Bb2 Bg7 6. Be2 O-O 7. O-O d5 8. Ne5
Qc7 9. Nxc6 Qxc6 10. Bf3 Rd8 11. Qe2 Be6 12. d3 Qd7 13. Nd2 d4 14. Nc4 Bxc4 15.
bxc4 dxe3 16. Be5 Rac8 17. Rab1 b6 18. Qxe3 e6 19. g4 Ne8 20. Bb2 Bxb2 21. Rxb2
Qd4 22. Qxd4 Rxd4 23. Bg2 Nf6 24. h3 h5 25. g5 Ne8 26. Rbb1 Nd6 27. a4 Nf5 28.
Rbe1 Rb8 29. Bc6 a6 30. Kg2 Rd6 31. Be4 Nd4 32. c3 Nf5 33. Kf3 b5 34. axb5 axb5
35. cxb5 Rxb5 36. Bxf5 exf5 37. Re3 Rb2 38. Rd1 Ra6 39. Re2 Raa2 40. Rxb2 Rxb2
41. d4 Rc2 42. Rd3 cxd4 43. cxd4 h4 44. d5 Rh2 45. Rd4 Rxh3+ 46. Kg2 Re3 47. d6
Re8 48. Kh3 Rd8 49. Kxh4 Kf8 50. Kg3 Ke8 51. Kf3 Kd7 52. Ra4 Kxd6 53. Ra6+ Ke7
54. Ke3 Rd6 55. Ra7+ Ke6 56. Ra5 f6 57. gxf6 Kxf6 58. Ra8 Re6+ 59. Kf3 Re7 60.
Rf8+ Rf7 61. Ra8 Rb7 62. Rf8+ Kg7 63. Ra8 1/2-1/2

[Event "C.to Regionale Umbria"]
[Site "Foligno ITA"]
[Date "2009.06.05"]
[Round "3"]
[White "Castrogiovanni, Carlo"]
[Black "Seravelli, Paolo"]
[Result "1-0"]
[WhiteElo "2027"]
[BlackElo "1804"]
[PlyCount "43"]
[EventDate "2009.06.05"]

1. d4 d5 2. c4 c6 3. Nf3 Nf6 4. Nc3 Bg4 5. Qb3 Qc7 6. Ne5 e6 7. h3 Bh5 8. Bf4
Nbd7 9. g4 Bxg4 10. hxg4 Nxg4 11. Ng6 Bd6 12. Bxd6 Qxd6 13. Nxh8 O-O-O 14. Nxf7
Qf4 15. Nxd8 Qxf2+ 16. Kd1 Kxd8 17. Kc1 Qxd4 18. Qd1 Qxc4 19. e3 Qc5 20. Qd4
Qd6 21. Qxg4 Qe5 22. Qf4 1-0

[Event "C.to Regionale Umbria"]
[Site "Foligno ITA"]
[Date "2009.06.05"]
[Round "3"]
[White "De Leo, Sara"]
[Black "Romano, Claudio"]
[Result "0-1"]
[WhiteElo "1401"]
[BlackElo "1572"]
[PlyCount "104"]
[EventDate "2009.06.05"]

1. e4 c5 2. Nc3 Nc6 3. Bb5 e6 4. Bxc6 dxc6 5. d3 e5 6. f4 Bd6 7. fxe5 Bxe5 8.
h3 Bg3+ 9. Kf1 c4 10. dxc4 Be6 11. Qxd8+ Rxd8 12. c5 Nf6 13. Nge2 Nxe4 14. Bf4
Bxf4 15. Nxe4 Be5 16. c3 O-O 17. Kf2 h6 18. Rhf1 f5 19. N4g3 Rd2 20. Kg1 Bd5
21. Rf2 Rxb2 22. Nxf5 Rxf5 23. Rxf5 Rxe2 24. Rf2 Bh2+ 25. Kf1 Re3 26. g3 Rxg3
27. Rxh2 Rxc3 28. Rb2 Rxh3 29. Re1 Rf3+ 30. Ke2 Rf7 31. Kd1 Bf3+ 32. Kc1 Bg4
33. Re8+ Kh7 34. Rb8 Rf1+ 35. Kc2 Rf5 36. R8xb7 Rxc5+ 37. Kd2 Ra5 38. Rc7 Bf3
39. Rbb7 Rg5 40. Rxa7 h5 41. a4 h4 42. a5 h3 43. Rab7 h2 44. Rb1 Rg1 45. a6
Rxb1 46. a7 c5 47. Rf7 h1=Q 48. Rxf3 Qxf3 49. Kc2 Qb3+ 50. Kd2 Rb2+ 51. Ke1
Qe3+ 52. Kd1 Qd2# 0-1

[Event "C.to Regionale Umbria"]
[Site "Foligno ITA"]
[Date "2009.06.05"]
[Round "3"]
[White "Ferri, Fabio"]
[Black "Bassini, Massimo"]
[Result "0-1"]
[WhiteElo "1815"]
[BlackElo "1563"]
[PlyCount "73"]
[EventDate "2009.06.05"]

1. e4 e5 2. Nf3 Nc6 3. Bb5 a6 4. Ba4 Nf6 5. O-O b5 6. Bb3 Be7 7. Re1 O-O 8. c3
d6 9. h3 Na5 10. Bc2 c5 11. d4 cxd4 12. cxd4 Qd7 13. dxe5 dxe5 14. Nxe5 Qxd1
15. Rxd1 Bb7 16. Bg5 Rfd8 17. Nd2 h6 18. Bxf6 Bxf6 19. Ndf3 Nc6 20. Nxc6 Bxc6
21. Rxd8+ Rxd8 22. e5 Be7 23. Rd1 Rc8 24. Bb3 Rd8 25. Nd4 Ba8 26. Kh2 Bc5 27.
Nf5 Rxd1 28. Bxd1 Bxf2 29. Bb3 Kf8 30. Nd6 Bd4 31. Nxf7 Bxb2 32. e6 Ke7 33. g4
a5 34. g5 a4 35. Bc2 Kxe6 36. g6 Kf6 37. Kg3 0-1

[Event "C.to Regionale Umbria"]
[Site "Foligno ITA"]
[Date "2009.06.05"]
[Round "3"]
[White "Maddaloni, Giovanni"]
[Black "Vitali, Roberto"]
[Result "1-0"]
[WhiteElo "1812"]
[BlackElo "1493"]
[PlyCount "69"]
[EventDate "2009.06.05"]

1. e4 d5 2. exd5 Nf6 3. Nf3 Nxd5 4. d4 g6 5. c4 Nb6 6. Nc3 Bg7 7. h3 O-O 8. Be2
a5 9. O-O Na6 10. Be3 Re8 11. Rc1 Nd7 12. Qd2 c5 13. d5 e5 14. dxe6 Rxe6 15.
Rfd1 Qe8 16. Bf1 Nf6 17. a3 Bd7 18. Nd5 b6 19. Nxf6+ Bxf6 20. Qxd7 Rxe3 21.
fxe3 Qxe3+ 22. Kh1 Bxb2 23. Rc2 Qxa3 24. Re2 Rf8 25. Re8 Bf6 26. Rxf8+ Kxf8 27.
Re1 Qc3 28. Qc8+ Kg7 29. Qxa6 Qb3 30. Qa8 a4 31. Qe8 a3 32. Ne5 Bxe5 33. Qxe5+
Kg8 34. Qf6 Qa4 35. Re7 1-0

[Event "C.to Regionale Umbria"]
[Site "Foligno ITA"]
[Date "2009.06.05"]
[Round "3"]
[White "Malfagia, Andrea"]
[Black "Napoli, Nicolo'"]
[Result "0-1"]
[WhiteElo "2282"]
[BlackElo "2353"]
[PlyCount "62"]
[EventDate "2009.06.05"]

1. d4 d5 2. c4 e6 3. Nc3 Nf6 4. cxd5 exd5 5. Bg5 Be7 6. e3 O-O 7. Bd3 Nbd7 8.
Nge2 b6 9. g4 Nxg4 10. Bxe7 Qxe7 11. Nxd5 Qh4 12. Ng3 Bb7 13. Qf3 Kh8 14. Qf5
Rad8 15. Be4 c5 16. O-O-O g6 17. Qf4 f5 18. Bf3 Qh3 19. dxc5 Nxf2 20. Ne7 Nf6
21. Bxb7 Nxd1 22. Rxd1 Rxd1+ 23. Kxd1 Rd8+ 24. Kc2 Qxh2+ 25. Kb3 Rd3+ 26. Ka4
Qc2+ 27. b3 Qxa2+ 28. Kb5 Qxb3+ 29. Kc6 Qe6+ 30. Qd6 Rxd6+ 31. cxd6 Qd7# 0-1

[Event "C.to Regionale Umbria"]
[Site "Foligno ITA"]
[Date "2009.06.05"]
[Round "3"]
[White "Marcugini, Stefano"]
[Black "Ficco, Corrado"]
[Result "1/2-1/2"]
[WhiteElo "1925"]
[BlackElo "2163"]
[PlyCount "50"]
[EventDate "2009.06.05"]

1. e4 c5 2. Nf3 e6 3. d4 cxd4 4. Nxd4 Nf6 5. Nc3 Nc6 6. a3 d6 7. Be2 Be7 8. Be3
a6 9. O-O O-O 10. Kh1 Qc7 11. f4 Re8 12. Qe1 Bd7 13. Qg3 Rac8 14. Nxc6 Bxc6 15.
e5 Ne4 16. Nxe4 Bxe4 17. exd6 Bxd6 18. Bd4 g6 19. c3 e5 20. fxe5 Bxe5 21. Bxe5
Qxe5 22. Qf2 Bxg2+ 23. Qxg2 Qxe2 24. Qxb7 Rb8 25. Qxf7+ Kh8 1/2-1/2

[Event "C.to Regionale Umbria"]
[Site "Foligno ITA"]
[Date "2009.06.05"]
[Round "3"]
[White "Marsili, Riccardo"]
[Black "Casale, Antonio"]
[Result "1-0"]
[WhiteElo "1874"]
[BlackElo "1859"]
[PlyCount "105"]
[EventDate "2009.06.05"]

1. e4 c5 2. Nf3 d6 3. d4 cxd4 4. Nxd4 Nf6 5. Nc3 a6 6. f3 e6 7. Be3 Be7 8. Qd2
b5 9. O-O-O Qc7 10. Kb1 Nc6 11. g4 Bb7 12. g5 Nd7 13. h4 Nde5 14. Qf2 Rc8 15.
Nb3 Nc4 16. Bxc4 bxc4 17. Bb6 Qb8 18. Nd2 Ne5 19. Bd4 Rg8 20. f4 Nd7 21. Rhe1
Bc6 22. Qe2 Qb4 23. Qxc4 Qxc4 24. Nxc4 Bxe4 25. Nxd6+ Bxd6 26. Nxe4 Be7 27. Bc3
Nc5 28. Nxc5 Rxc5 29. Be5 f6 30. Bd6 Rc6 31. Bxe7 Kxe7 32. Rd2 Rd8 33. Rxd8
Kxd8 34. b3 Rc5 35. Rd1+ Ke7 36. Rd4 e5 37. Re4 Ke6 38. fxe5 fxe5 39. Kc1 Kf5
40. Re1 Kg4 41. Rh1 e4 42. c4 Rf5 43. Kd2 Rf2+ 44. Ke3 Rxa2 45. Rc1 Ra5 46.
Kxe4 Rc5 47. b4 Rc7 48. c5 Kxh4 49. Kd5 Kxg5 50. c6 h5 51. Kd6 Rf7 52. c7 Rf6+
53. Ke7 1-0

[Event "C.to Regionale Umbria"]
[Site "Foligno ITA"]
[Date "2009.06.05"]
[Round "3"]
[White "Minni, Stefano"]
[Black "Salerno, Francesco"]
[Result "0-1"]
[WhiteElo "1452"]
[BlackElo "2000"]
[PlyCount "142"]
[EventDate "2009.06.05"]

1. c4 c5 2. Nc3 g6 3. g3 Bg7 4. Bg2 Nc6 5. Nf3 d6 6. O-O e5 7. d3 f5 8. e3 Nf6
9. a3 O-O 10. Qc2 Nh5 11. Ne2 g5 12. Qd2 f4 13. exf4 exf4 14. gxf4 g4 15. Ng5
Nxf4 16. Nxf4 Qxg5 17. Bxc6 bxc6 18. Rb1 Be5 19. Ng2 Qh5 20. Qg5+ Qxg5 21. Bxg5
Rf3 22. Rfd1 Be6 23. Bh4 Raf8 24. Rd2 Bf5 25. Rbd1 Rb8 26. Bg3 Rxb2 27. Bxe5
Rxd2 28. Rxd2 dxe5 29. Ne3 Be6 30. Rb2 h5 31. Rb7 Rf7 32. Rb8+ Kg7 33. Kg2 Rd7
34. Rb3 Kg6 35. a4 Kg5 36. a5 a6 37. Rb6 Rxd3 38. Rxc6 Bf5 39. Nxf5 Kxf5 40.
Rxc5 Ra3 41. Rc8 Rxa5 42. c5 Ke6 43. Kg3 Kd7 44. Rh8 Ra3+ 45. Kg2 a5 46. Rxh5
Ke6 47. Rg5 Ra4 48. Rg6+ Kd5 49. Ra6 Kxc5 50. Ra8 Kd5 51. Kg3 Kc5 52. Re8 Re4
53. f3 gxf3 54. Kxf3 Rf4+ 55. Ke3 Kd5 56. Rd8+ Kc4 57. Rc8+ Kb3 58. Rc5 a4 59.
Rxe5 Rh4 60. Rb5+ Ka2 61. Kd3 Rxh2 62. Kc3 a3 63. Re5 Rh3+ 64. Kc2 Rb3 65. Re1
Rb6 66. Re3 Rc6+ 67. Kd1 Kb2 68. Re2+ Kb1 69. Re3 Rd6+ 70. Ke2 a2 71. Rb3+ Kc2
0-1

[Event "C.to Regionale Umbria"]
[Site "Foligno ITA"]
[Date "2009.06.05"]
[Round "3"]
[White "Ragnini, Damiano"]
[Black "Buoncristiani, Luca"]
[Result "1-0"]
[WhiteElo "1819"]
[BlackElo "1509"]
[PlyCount "83"]
[EventDate "2009.06.05"]

1. d4 Nf6 2. c4 g6 3. Nc3 Bg7 4. e4 d6 5. Nf3 O-O 6. Bd3 e5 7. d5 a5 8. O-O Na6
9. a3 Nc5 10. Bc2 Bd7 11. Be3 b6 12. Bxc5 bxc5 13. Ba4 Bxa4 14. Qxa4 Nh5 15.
Qc6 f5 16. h4 Bf6 17. g3 Ng7 18. Kg2 f4 19. Ne2 Rb8 20. Rab1 Rb3 21. Qa4 Qb8
22. Qxa5 Rxb2 23. Nc3 fxg3 24. Nb5 Rxf2+ 25. Rxf2 gxf2 26. Qxc7 Qxc7 27. Nxc7
Bd8 28. Nb5 Be7 29. a4 Nh5 30. a5 Nf4+ 31. Kxf2 Nd3+ 32. Kg3 Nb4 33. Ra1 Ra8
34. Nc7 Ra7 35. Nb5 Ra8 36. Ng1 Kf8 37. Ne2 Kg7 38. Nec3 Bd8 39. Nxd6 Rxa5 40.
Rxa5 Bxa5 41. Nb7 Nxd5 42. Nxd5 1-0

[Event "C.to Regionale Umbria"]
[Site "Foligno ITA"]
[Date "2009.06.05"]
[Round "3"]
[White "Trasciatti, Mirko"]
[Black "Tortolini, Francesco"]
[Result "1/2-1/2"]
[WhiteElo "1943"]
[BlackElo "1855"]
[PlyCount "26"]
[EventDate "2009.06.05"]

1. f4 d5 2. e3 c5 3. d4 cxd4 4. exd4 Nf6 5. Nf3 Bf5 6. Be2 g6 7. O-O Bg7 8. c3
O-O 9. Ne5 Nc6 10. Nd2 Qb6 11. g4 Bc8 12. g5 Ne4 13. Qb3 Qxb3 1/2-1/2

[Event "C.to Regionale Umbria"]
[Site "Foligno ITA"]
[Date "2009.06.05"]
[Round "3"]
[White "Yamauchi, Juan"]
[Black "De Lucia, Alfredo"]
[Result "0-1"]
[WhiteElo "1475"]
[BlackElo "1555"]
[PlyCount "76"]
[EventDate "2009.06.05"]

1. d4 g6 2. c4 Bg7 3. Nc3 Nf6 4. e4 d6 5. Nf3 b6 6. Be2 Bb7 7. d5 O-O 8. O-O
Na6 9. Be3 Nc5 10. Bxc5 bxc5 11. Rb1 a5 12. a4 Nd7 13. Qc2 Ne5 14. Ng5 Bc8 15.
Nf3 f5 16. Nxe5 Bxe5 17. Rfd1 fxe4 18. Nxe4 Bf5 19. Bf3 Qc8 20. Qe2 Rb8 21. Rd2
Rb4 22. Ng5 Rf6 23. Ne6 Bxe6 24. dxe6 Qb8 25. Bc6 Bxb2 26. Bb5 Be5 27. Qg4 Qb7
28. Bd7 Rxb1+ 29. Rd1 Rb2 30. Bb5 Bd4 31. Rxd4 cxd4 32. Qxd4 Rb4 33. Qd5 Qxd5
34. cxd5 Rf5 35. Bc6 Kg7 36. f3 Kf6 37. h3 Ke5 38. Kh2 Kf4 0-1

[Event "C.to Regionale Umbria"]
[Site "Foligno ITA"]
[Date "2009.06.06"]
[Round "4"]
[White "Almadori, Giovanni"]
[Black "Minni, Stefano"]
[Result "0-1"]
[WhiteElo "1401"]
[BlackElo "1452"]
[PlyCount "72"]
[EventDate "2009.06.05"]

1. Nf3 Nf6 2. g3 d5 3. d4 e6 4. Bg2 Nbd7 5. O-O Be7 6. b3 c5 7. Bb2 O-O 8. Nbd2
b6 9. c4 Bb7 10. Qc2 h6 11. Rfe1 Rc8 12. Rac1 cxd4 13. Nxd4 a6 14. e4 Nxe4 15.
Nxe4 dxe4 16. Bxe4 Bxe4 17. Rxe4 Nf6 18. Ree1 Qc7 19. Qe2 Bb4 20. Nxe6 fxe6 21.
Qxe6+ Kh8 22. Red1 Rce8 23. Qh3 Re2 24. Rb1 Qc6 25. a3 Bc5 26. Bd4 Bxd4 27.
Rxd4 Rfe8 28. Rdd1 Ne4 29. Qg2 Qf6 30. Rf1 Nd2 31. b4 Nxb1 32. c5 bxc5 33. bxc5
Nxa3 34. c6 Nb5 35. h4 Re1 36. Kh2 Rxf1 0-1